000 00582nam a2200181 a 4500
001 BRCA_1289
005 20190320203349.0
008 220508s1997----sp-a---###---#000-0#spa-#
020 _a8489162794
050 4 _aNA5811.54
_b.C37 1997
245 1 0 _aCapilla Sacramental de la Iglesia de Santa Catalina.
260 _aSevilla
_bFundación Argentaria
_c1997
300 _a64 p.
_bil. a color
_c29 cm.
440 0 _aObras maestras restauradas
_94227
610 2 4 _aIglesia de Santa Catalina
_xRestauración
_zSevilla
_94228
650 1 4 _aArquitectura barroca
_zEspaña
_94229
942 _2lcc
_cB
999 _c1157
_d1157